Annotated bibliography on hydraulic turbines. (Record no. 80368)
[ view plain ]
| 000 -LEADER | |
|---|---|
| fixed length control field | 00607nam a22001931 4500 |
| 001 - CONTROL NUMBER | |
| control field | sa 68004824 |
| 003 - CONTROL NUMBER IDENTIFIER | |
| control field | DLC |
| 005 - DATE AND TIME OF LATEST TRANSACTION | |
| control field | 20260227112504.0 |
| 008 - FIXED-LENGTH DATA ELEMENTS--GENERAL INFORMATION | |
| fixed length control field | 711108s1963 ii b 00000 eng |
| 010 ## - LIBRARY OF CONGRESS CONTROL NUMBER | |
| LC control number | sa 68004824 |
| 050 0# - LIBRARY OF CONGRESS CALL NUMBER | |
| Classification number | Z5853.H9 |
| Item number | I5 no. 1 |
| 110 10 - MAIN ENTRY--CORPORATE NAME | |
| Corporate name or jurisdiction name as entry element | India (Republic). |
| Subordinate unit | Central Board of Irrigation and Power. |
| -- | Library and Information Bureau. |
| 245 10 - TITLE STATEMENT | |
| Title | Annotated bibliography on hydraulic turbines. |
| 260 1# - PUBLICATION, DISTRIBUTION, ETC. | |
| Place of publication, distribution, etc. | [Simla, |
| Date of publication, distribution, etc. | 1963] |
| 300 ## - PHYSICAL DESCRIPTION | |
| Extent | ii, 54 p. |
| Dimensions | 25 cm. |
| 410 11 - SERIES STATEMENT/ADDED ENTRY--CORPORATE NAME [OBSOLETE, CAN/MARC], [LOCAL, USA] | |
| Corporate name or jurisdiction name as entry element | Its |
| Title of a work | Bibliographical series, |
| Volume number/sequential designation | no. 1 |
| 500 ## - GENERAL NOTE | |
| General note | Cover title. |
| 650 #0 - SUBJECT ADDED ENTRY--TOPICAL TERM | |
| Topical term or geographic name entry element | Hydraulic turbines |
| General subdivision | Bibliography. |
No items available.